The noble scholar, jurist, historian


 His Excellency Dr. Abdul Wahhab bin Ibrahim Abu Sulaiman, may Allah have mercy on him.


 He was born in Umm Al-Qura in the year 1356 AH.

مناهج المفسرين من العصر الأول إلى العصر الحديث / (Record no. 1985)

MARC details
000 -LEADER
fixed length control field 02494cam a2200313 ia4500
003 - CONTROL NUMBER IDENTIFIER
control field SA-RiAUC
005 - DATE AND TIME OF LATEST TRANSACTION
control field 20241102142513.0
008 - FIXED-LENGTH DATA ELEMENTS--GENERAL INFORMATION
fixed length control field 241030s1988 su g 00000 ara c
024 0# - OTHER STANDARD IDENTIFIER
Standard number or code 00000000979404
040 ## - CATALOGING SOURCE
Original cataloging agency SA-RiKSU
Language of cataloging ara
Transcribing agency SA-RiAUC
Modifying agency AE-DuMBRL
Description conventions rda
050 #4 - LIBRARY OF CONGRESS CALL NUMBER
Item number .A45 1988
082 04 - DEWEY DECIMAL CLASSIFICATION NUMBER
Classification number 227.2
Assigning agency SA-RiAUC
090 ## - LOCALLY ASSIGNED LC-TYPE CALL NUMBER (OCLC); LOCAL CALL NUMBER (RLIN)
Classification number (OCLC) (R) ; Classification number, CALL (RLIN) (NR) 227.2
Local cutter number (OCLC) ; Book number/undivided call number, CALL (RLIN) ع ل ي
100 1# - MAIN ENTRY--PERSONAL NAME
Personal name علي، محمود النقراشي السيد
Relator term مؤلف.
245 10 - TITLE STATEMENT
Title مناهج المفسرين من العصر الأول إلى العصر الحديث /
Statement of responsibility, etc. محمود النقراشي علي.
250 ## - EDITION STATEMENT
Edition statement الطبعة الأولى.
264 #1 - PRODUCTION, PUBLICATION, DISTRIBUTION, MANUFACTURE, AND COPYRIGHT NOTICE
Place of production, publication, distribution, manufacture بريدة، السعودية ؛
-- القصيم، السعودية :
Name of producer, publisher, distributor, manufacturer مكتبة النهضة،
Date of production, publication, distribution, manufacture, or copyright notice 1988.
300 ## - PHYSICAL DESCRIPTION
Extent 1 مجلد ؛
Dimensions 24 × 17 سم
336 ## - CONTENT TYPE
Content type term نص
Content type code txt
Source rdacontent
Materials specified كتاب
337 ## - MEDIA TYPE
Media type term بدون وسيط
Media type code n
Source rdamedia
338 ## - CARRIER TYPE
Carrier type term مجلد
Carrier type code nc
Source rdacarrier
520 ## - SUMMARY, ETC.
Summary, etc. يتناول كتاب (مناهج المفسرين من العصر الأول إلى العصر الحديث التفسير بالرأي) والذي قام بتأليفه د. محمود النقراش السيد علي، موضوع (مناهج المفسرين) هذا الكتاب هو الجزء الثاني من الكتاب "مناهج المفسرين" حيث عالج فيه المؤلف جانب التفسير بالرأي مبتدأ الحديث عن نشأته وأسبابه، ذاكرا موقف أهل العلم من القول بالرأي في كتاب الله سبحانه وتعالى، ثم عقب بما رأه مدعما لما رآه سار نحوه الأئمة المقتدى بهم. وبين ما يعول عليه في إعمال الرأي عند أهل التفسير حتى يكون ضابطا لمن يحتاجه في فهم القرآن الكريم، وقد أوضح للقارئ منشأ الخطأ في التفسير بالرأي، مما أطلق عليه العلماء الرأي المذموم. متناولا فيه مناهج من تغلب عليهم الوجهة اللغوية، ومن تغلب عليهم الناحية الكلامية، ومن يغلب عليهم الجانب الفقهي.
590 ## - LOCAL NOTE (RLIN)
Local note يتوافر بالمكتبة : مجلد 2.
630 27 - SUBJECT ADDED ENTRY--UNIFORM TITLE
Uniform title القرآن
General subdivision تفسير
Source of heading or term aucut
730 22 - ADDED ENTRY--UNIFORM TITLE
Uniform title القرآن
942 ## - ADDED ENTRY ELEMENTS (KOHA)
Source of classification or shelving scheme Dewey Decimal Classification
Koha item type Books
Suppress in OPAC No
949 ## - LOCAL PROCESSING INFORMATION (OCLC)
a SA-JeALM
d 241030
u khaled123
n 1
Holdings
Withdrawn status Lost status Source of classification or shelving scheme Damaged status Not for loan Home library Current library Date acquired Total checkouts Full call number Barcode Date last seen Price effective from Koha item type
    Dewey Decimal Classification     DR AbdElwahab Library DR AbdElwahab Library 11/02/2024   227.2 ع ل ي 000002938 11/02/2024 11/02/2024 Books